Detalles MARC
| 000 -LIDER |
| fixed length control field |
00945nam a2200277 b 4500 |
| 001 - NÚMERO DE CONTROL |
| Identificador de número de control |
017828 |
| 003 - IDENTIFICACDOR DE NÚMERO DE CONTROL |
| control field |
DO-SdBNP |
| 005 - DATE AND TIME OF LATEST TRANSACTION |
| control field |
20180119110924.0 |
| 008 - ELEMENTOS DE LONGITUD FIJA |
| fixed length control field |
020530s2002 sp | ||| ||spa |
| 016 7# - NO. DE CONTROL DE LA AGENCIA BIB. NACIONAL |
| Record control number |
|
| Source |
BPMSU |
| 017 ## - NÚMERO DE REGISTRO DE DERECHOS DE AUTOR |
| Copyright or legal deposit number |
|
| Assigning agency |
|
| 020 ## - ISBN |
| International Standard Book Number |
848683032X |
| 035 ## - NÚMERO LOCAL |
| System control number |
|
| 040 ## - FUENTE DE CATALOGACIÓN |
| Agencia que crea de manera original el registro |
BPMSU |
| Idioma de catalogación |
spa |
| Agencia que realiza la transcripción |
BPMSU |
| Convenciones de la despripción |
|
| 080 #0 - NÚMERO DE CLASIFICACIÓN DECIMAL UNIVERSAL |
| Universal Decimal Classification number |
|
| 080 #0 - NÚMERO DE CLASIFICACIÓN DECIMAL UNIVERSAL |
| Universal Decimal Classification number |
|
| 111 20 - ASIENTO PRINCIPAL--NOMBRE DE REUNIÓN O CONFERENCIA |
| Nombre de reunión o jurisdicción como elemento de entrada |
Conferencia sobre Transición y Consolidación Democráticas |
| Fecha de la reunión |
(2001 :19-27 oct. |
| Lugar de la reunión |
Madrid ) |
| 245 10 - MENCIÓN DE TITULO |
| Título |
Conferencia sobre Transición y Consolidación Democráticas |
| Medio (Designación general de material) |
|
| Subtítulo |
Madrid, del 19 al 27 de octubre de 2001 / |
| 260 ## - PUBLICACIÓN, DISTRIBUCIÓN, ETC. (PIE DE IMPRENTA) |
| Lugar de publicación, distribución, etc |
Madrid : |
| Nombre del editor, distribuidor, etc. |
Siddharth Mehta, |
| Fecha de publicación, distribución, etc |
2002 |
| 300 ## - DESCRIPCIÓN FÍSICA |
| Extensión |
293 p., [16] p. de lám. |
| Dimensiones |
21 cm |
| Material complementario |
1 disco (CD-ROM) |
| 710 2# - ASIENTO SECUNDARIO -- NOMBRE CORPORATIVO |
| Nombre corporativo o de jurisdicción |
Gorbachev Foundation of North America |
| 710 2# - ASIENTO SECUNDARIO -- NOMBRE CORPORATIVO |
| Nombre corporativo o de jurisdicción |
Fundación para las Relaciones Internacionales y el Diálogo Exterior |
| 942 ## - ADDED ENTRY ELEMENTS (KOHA) |
| Source of classification or shelving scheme |
Dewey Decimal Classification |
| Koha item type |
Libros |
| 945 ## - INFORMACIÓN DE PROCESAMIENTO LOCAL |
| Información de procesamiento local |
Inventariado, 2018 / YL |
| 956 ## - LOCAL ELECTRONIC LOCATION AND ACCESS (OCLC) |
| Nombre de host |
VMATEO |
| Número de acceso |
10 |
| Información de compresión |
20160916 |
| Trayectoria |
BPMSU |
| Nombre Electrónico |
0069 |